[Event "Tourn. n8349"]
[Site "www.chess-mail.com"]
[Date "2015.09.24"]
[Round "1"]
[White "Ditto"]
[Black "Louis"]
[WhiteElo "1820"]
[BlackElo "1820"]
[Result "1-0"]
[Round "1"]
1.e4 c6
2.Ng1f3 d5
3.e5 Bc8g4
4.d4 c5
5.c4 cxd4
6.Bc1f4 Nb8c6
7.Bf1e2 dxc4
8.Be2xc4 e6
9.O-O Ng8e7
10.Rf1e1 Ne7g6
11.Bf4g3 Bf8b4
12.Re1e4 Bg4f5
13.Re4e2 O-O
14.a3 d3
15.Re2e3 Bb4c5
16.Re3e1 Nc6a5
17.Bc4a2 Ra8c8
18.Nb1c3 Bc5xa3
19.bxa3 Rc8xc3
20.Nf3d2 Na5c6
21.Ba2c4 Nc6d4
22.a4 Rc3c2
23.Ra1a3 Nd4e2
24.Kh1 Rc2c1
25.Qd1xc1 { resign }
1-0

[Event "Tourn. n8317"]
[Site "www.chess-mail.com"]
[Date "2015.09.24"]
[Round "1"]
[White "Passaroa25"]
[Black "Caspito"]
[WhiteElo "1630"]
[BlackElo "1690"]
[Result "0-1"]
[Round "1"]
1.e4 e5
2.Ng1e2 Ng8f6
3.Ne2g3 d5
4.d3 d4
5.Ng3f5 Bc8xf5
6.exf5 Bf8c5
7.f3 Nb8c6
8.a3 Qd8d5
9.g4 O-O-O
10.Bf1e2 h6
11.Nb1d2 Bc5b6
12.Nd2c4 Bb6c5
13.Bc1d2 g5
14.b4 Bc5e7
15.O-O h5
16.Bd2xg5 h4
17.Bg5xf6 Be7xf6
18.h3 Bf6e7
19.Qd1e1 f6
20.Nc4a5 Nc6xa5
21.bxa5 Be7c5
22.Kg2 Bc5d6
23.a4 c5
24.Qe1d2 Bd6c7
25.c4 Qd5d6
26.Rf1b1 Rh8g8
27.Qd2b2 Qd6c6
28.Qb2b5 Rd8d6
29.Qb5xc6 Rd6xc6
30.Rb1b5 a6
31.Rb5b6 Bc7xb6
32.axb6 Rc6xb6
33.a5 Rb6b2
34.Kf2 Kc7
35.Ke1 b5
36.cxb5 axb5
37.a6 b4
38.a7 Rg8a8
39.Kf2 b3
40.Ke1 Rb2a2
41.Ra1c1 Kc6
42.Rc1b1 b2
43.Be2d1 Ra8xa7
44.Kd2 Ra7a4
45.Bd1b3 Ra2a1
46.Bb3xa4 Ra1xa4
47.Rb1xb2 Ra4a1
48.Kc2 Ra1h1
49.Rb2b8 Rh1xh3
50.Rb8e8 Rh3xf3
51.Re8e6 Kd5
52.Re6xf6 h3
53.Rf6h6 Rf3f2
54.Kd1 h2
55.Ke1 Rf2g2
56.g5 Rg2g1
57.Kf2 Rg1xg5
58.Rh6xh2 Rg5xf5
59.Ke2 e4
60.dxe4 Kxe4
61.Rh2h4 Rf5f4
62.Rh4h3 c4
63.Kd2 Rf4f2
64.Kc1 c3
65.Rh3xc3 dxc3
66.Kd1 Kd3
67.Ke1 Rf2a2
68.Kd1 Ra2a1

0-1

[Event "Match"]
[Site "www.echecsemail.com"]
[Date "2015.09.24"]
[Round "1"]
[White "Tbsundar"]
[Black "Tictac"]
[WhiteElo "2070"]
[BlackElo "1499"]
[Result "0-1"]
[Round "1"]
1.d4 d5
2.c4 c6
3.Ng1f3 Ng8f6
4.Nb1d2 Bc8f5
5.e3 e6
6.Bf1e2 h6
7.Qd1b3 Qd8b6
8.cxd5 exd5
9.O-O Bf8d6
10.Nf3e5 O-O
11.Be2d3 Bf5xd3
12.Qb3xd3 Rf8e8
13.f4 c5
14.Nd2f3 Nb8c6
15.Ne5xc6 c4
16.Qd3f5 bxc6
17.Nf3e5 c5
18.Ne5f3 cxd4
19.exd4 Re8e4
20.Rf1d1 Ra8e8
21.Bc1d2 Qb6xb2
22.Ra1b1 Qb2a3
23.Rb1b7 c3
24.Bd2c1 Qa3xa2
25.Nf3e5 Qa2a4
26.Rd1f1 Qa4xd4
27.Kh1 Qd4f2
28.Rf1g1 Bd6c5
29.Ne5f3 Re4e1
30.Bc1e3 Re1xg1
31.Nf3xg1 Bc5xe3
32.Rb7b1 c2
33.Ng1h3 Nf6g4
34.Nh3xf2 Ng4xf2
35.Kg1 Nf2d3
36.Kf1 cxb1Q
37.Ke2 Be3xf4
38.Kf3 Qb1d1

0-1

[Event "Match"]
[Site "www.echecsemail.com"]
[Date "2015.09.24"]
[Round "1"]
[White "Fres"]
[Black "Drdoom"]
[WhiteElo "1339"]
[BlackElo "1740"]
[Result "0-1"]
[Round "1"]
1.a3 e5
2.e4 Ng8f6
3.Nb1c3 d5
4.exd5 Nf6xd5
5.Nc3xd5 Qd8xd5
6.d3 c5
7.Bc1e3 b6
8.Bf1e2 Qd5xg2
9.Be2f3 Qg2g6
10.Bf3xa8 Bf8d6
11.Ba8f3 O-O
12.Bf3e4 Bc8f5
13.Be4xf5 Qg6xf5
14.Ng1f3 Nb8c6
15.Qd1d2 Qf5xf3
16.Rh1g1 Rf8e8
17.Rg1g3 Qf3h1
 { time }
0-1

[Event "Match"]
[Site "www.echecsemail.com"]
[Date "2015.09.24"]
[Round "1"]
[White "Jhw"]
[Black "Add"]
[WhiteElo "2039"]
[BlackElo "2080"]
[Result "1/2-1/2"]
[Round "1"]
1.Ng1f3 d5
2.e3 a6
3.c4 Ng8f6
4.Nb1c3 e6
5.d4 dxc4
6.Bf1xc4 b5
7.Bc4b3 Bc8b7
8.O-O h6
9.h3 Bf8d6
10.a3 Nb8d7
11.Rf1e1 O-O
12.d5 exd5
13.Nc3xd5 Nf6xd5
14.Bb3xd5 Bb7xd5
15.Qd1xd5 Nd7f6
16.Qd5f5 Rf8e8
17.Nf3d4 Qd8d7
18.Qf5xd7 { draw }
1/2-1/2

[Event "Match"]
[Site "www.echecsemail.com"]
[Date "2015.09.24"]
[Round "1"]
[White "Dmitchell"]
[Black "Andrejs"]
[WhiteElo "1339"]
[BlackElo "1659"]
[Result "0-1"]
[Round "1"]
1.e4 e6
2.d4 d5
3.e5 c5
4.c3 Nb8c6
5.Ng1f3 Bc8d7
6.Bc1d2 Qd8b6
7.Qd1c2 Ra8c8
8.Bf1d3 cxd4
9.Bd3xh7 dxc3
10.bxc3 Nc6b4
11.Qc2b2 Nb4d3
12.Bh7xd3 Qb6xb2
13.O-O Qb2xa1
14.a3 Bf8xa3
15.Bd2c1 Ba3xc1
16.Nf3g5 Bc1xg5
{ resign }
0-1

[Event "Match"]
[Site "www.echecsemail.com"]
[Date "2015.09.24"]
[Round "1"]
[White "Carazo"]
[Black "Paco"]
[WhiteElo "1599"]
[BlackElo "1840"]
[Result "1/2-1/2"]
[Round "1"]
1.e4 e5
2.Ng1f3 Nb8c6
3.Bf1c4 d6
4.d3 Bc8g4
5.h3 Bg4xf3
6.Qd1xf3 f6
7.Bc1g5 Nc6d4
8.Qf3d1 fxg5
9.Nb1c3 Ng8h6
10.Qd1d2 c6
11.O-O-O b5
12.Bc4b3 a5
13.f3 a4
14.Bb3d5 cxd5
15.Nc3xd5 Bf8e7
16.g4 Nd4xf3
17.Qd2f2 Rh8f8
18.Rh1f1 Qd8c8
19.Qf2e2 Nf3d4
20.Qe2d2 Rf8xf1
21.Rd1xf1 a3
22.c3 b4
23.Nd5b6 axb2
24.Kxb2 bxc3
25.Qd2xc3 Qc8xc3
26.Kxc3 Ra8xa2
27.Nb6d5 Ra2a3
28.Kc4 Nh6f7
29.Nd5c7 Kf8
30.Kd5 Ra3xd3
31.Kc4 Rd3xh3
32.Rf1a1 Be7d8
33.Nc7a6 Rh3g3
34.Na6b8 Rg3xg4
35.Nb8d7 Ke7
36.Ra1a7 Ke6
37.Nd7f8 Kf6
38.Nf8xh7 Kg6
39.Nh7f8 Kf6
40.Nf8d7 Kg6
41.Nd7f8 Kh6
42.Ra7xf7 Rg4f4
43.Rf7xf4 gxf4
44.Kd5 Bd8e7
45.Nf8d7 f3
46.Nd7xe5 dxe5
47.Kxe5 Be7f6
48.Kf4 f2
49.Ke3 f1Q
50.e5 Nd4f5
51.Ke4 Bf6h4
52.Kd5 Qf1d3
53.Ke6 Qd3d8
54.Kxf5 Qd8e7
55.Kg4 g5
56.Kf5 Qe7b4
57.Ke6 Qb4d4
58.Kf6 g4
59.Ke6 Kg6

1/2-1/2

[Event "Match"]
[Site "www.echecsemail.com"]
[Date "2015.09.24"]
[Round "1"]
[White "Fres"]
[Black "Coraza8091"]
[WhiteElo "1339"]
[BlackElo "1659"]
[Result "0-1"]
[Round "1"]
1.d4 d5
2.Nb1c3 Ng8f6
3.Ng1f3 Nb8c6
4.e3 a6
5.Bf1e2 Bc8g4
6.O-O Qd8d7
7.Nf3e5 Nc6xe5
8.dxe5 Bg4xe2
9.Nc3xe2 Nf6e4
10.f4 c6
11.Bc1d2 h5
12.Ne2c3 O-O-O
13.Nc3xe4 dxe4
14.Bd2c3 Qd7c7
15.Qd1e2 e6
16.Qe2c4 Qc7b6
 { time }
0-1

[Event "Match"]
[Site "www.echecsemail.com"]
[Date "2015.09.24"]
[Round "1"]
[White "Wwgia"]
[Black "Juodivarnai"]
[WhiteElo "2150"]
[BlackElo "2200"]
[Result "1/2-1/2"]
[Round "1"]
1.d4 d5
2.c4 c6
3.Nb1c3 e6
4.Ng1f3 dxc4
5.e3 b5
6.a4 Bf8b4
7.Bc1d2 Bc8b7
8.axb5 Bb4xc3
9.Bd2xc3 cxb5
10.b3 a5
11.bxc4 b4
12.Bc3b2 Ng8f6
13.Bf1d3 Nb8d7
14.O-O O-O
15.Rf1e1 Nf6e4
16.Qd1c2 f5
17.c5 Qd8c7
18.Re1c1 Bb7c6
19.Bd3c4 Bc6d5
20.Bc4xd5 exd5
21.Ra1a4 Ra8a6
22.Rc1a1 Rf8a8
23.Qc2b3 Qc7c6
24.Ra1a2 Kf8
25.Bb2c1 Ne4xc5
26.dxc5 Nd7xc5
27.Qb3c2 b3
28.Nf3d4 Qc6c8
29.Nd4xb3 Nc5xa4
30.Qc2xc8 Ra8xc8
31.Ra2xa4 Ra6b6
32.Bc1a3 Kf7
33.h4 Rb6xb3
34.Ra4xa5 Rb3b1
35.Kh2 Rb1a1
36.Ra5a7 Kg8
37.Kg3 Rc8c3
38.Ra7a8 Kf7
39.Ra8f8 Ke6
40.Ba3b2 Ra1c1
41.Bb2xc1 { draw }
1/2-1/2

[Event "Match"]
[Site "www.echecsemail.com"]
[Date "2015.09.24"]
[Round "1"]
[White "Ditto"]
[Black "Ruko"]
[WhiteElo "1820"]
[BlackElo "1910"]
[Result "1-0"]
[Round "1"]
1.e4 e5
2.Ng1f3 Nb8c6
3.Bf1c4 Bf8c5
4.Nb1c3 Ng8f6
5.d3 d6
6.Bc1g5 Bc8e6
7.Bc4xe6 fxe6
8.O-O O-O
9.Qd1d2 Qd8e7
10.a3 Qe7f7
11.b4 Bc5b6
12.Bg5h4 Nf6h5
13.Nf3g5 Qf7g6
14.Ng5f3 Nh5f4
15.Bh4g3 Ra8d8
16.Nf3h4 Qg6f6
17.Nh4f3 h6
18.Bg3h4 g5
19.Bh4g3 d5
20.exd5 exd5
21.Rf1e1 Nc6d4
22.Nf3xd4 Bb6xd4
23.Ra1b1 e4
24.Nc3b5 Bd4b6
25.a4 a6
26.Nb5c3 Nf4h5
27.dxe4 Nh5xg3
28.hxg3 Bb6xf2
29.Kh1 Bf2xe1
30.Qd2xe1 dxe4
31.Nc3xe4 Qf6e7
32.Qe1e3 Rf8e8
33.Qe3b3 Kh7
34.Rb1e1 Qe7d7
35.Ne4f6 Kg6
36.Nf6xd7 Re8xe1
37.Kh2 Rd8xd7
38.Qb3f3 c6
39.g4 Re1b1
40.Qf3f5 { resign }
1-0

[Event "Match"]
[Site "www.echecsemail.com"]
[Date "2015.09.24"]
[Round "1"]
[White "Ericleo1980"]
[Black "Ostapbender"]
[WhiteElo "2260"]
[BlackElo "2730"]
[Result "0-1"]
[Round "1"]
1.e4 c5
2.Ng1f3 Nb8c6
3.d4 cxd4
4.Nf3xd4 Ng8f6
5.Nb1c3 d6
6.Bc1g5 e6
7.f4 h6
8.Bg5h4 Bf8e7
9.Bh4f2 O-O
10.Bf1e2 e5
11.Nd4xc6 bxc6
12.fxe5 dxe5
13.Qd1xd8 Rf8xd8
14.h3 Ra8b8
15.Nc3d1 Nf6xe4
16.Bf2xa7 Be7h4
17.Kf1 Ne4g3
{ resign }
0-1

[Event "Tourn. n8397"]
[Site "www.chess-mail.com"]
[Date "2015.09.25"]
[Round "1"]
[White "Bojan"]
[Black "Cristiano"]
[WhiteElo "1940"]
[BlackElo "2010"]
[Result "0-1"]
[Round "1"]
1.e4 c5
2.Ng1f3 d6
3.Bf1c4 e6
4.d4 cxd4
5.Nf3xd4 Ng8f6
6.Qd1f3 Bf8e7
7.Nb1c3 a6
8.O-O O-O
9.Bc1e3 Qd8c7
10.Bc4d3 Nb8d7
11.Rf1e1 Nd7e5
12.Qf3e2 Ne5xd3
13.cxd3 e5
14.Nd4f5 Bc8xf5
15.exf5 Qc7d7
16.d4 e4
17.Be3g5 d5
18.g4 Rf8e8
19.h3 h6
20.Bg5h4 b5
21.a3 Ra8c8
22.f3 exf3
23.Qe2xf3 Qd7a7
24.Bh4f2 Qa7b7
25.h4 Rc8d8
26.Kg2 b4
27.Nc3a4 Nf6e4
28.Re1e2 Qb7b5
29.Na4c5 Ne4xf2
30.Qf3xf2 a5
31.Ra1c1 Rd8c8
32.a4 Qb5c6
33.b3 Be7d6
34.Re2xe8 Rc8xe8
35.Kh3 Qc6c7
36.Rc1c2 Qc7e7
37.Kg2 Bd6b8
38.Kf1 Qe7d6
39.Qf2f3 Bb8a7
40.g5 hxg5
41.hxg5 Kf8
42.Kg2 Ba7b8
43.Qf3h3 Kg8
44.Rc2f2 Bb8a7
45.Rf2c2 Qd6f4
46.g6 fxg6
47.fxg6 Qf4g5
48.Qh3g3 Qg5e7
49.Qg3f3 Qe7g5
50.Qf3g3 Qg5e7
51.Kf2 Qe7f6
52.Qg3f3 Qf6h4
53.Kf1 Re8f8
54.Rc2f2 Rf8xf3
{ resign }
0-1

[Event "Tourn. n8383"]
[Site "www.chess-mail.com"]
[Date "2015.09.25"]
[Round "1"]
[White "Executive"]
[Black "Falcoale"]
[WhiteElo "1809"]
[BlackElo "1950"]
[Result "0-1"]
[Round "1"]
1.f4 c5
2.Ng1f3 Nb8c6
3.b3 e6
4.Bc1b2 b6
5.e3 Bc8b7
6.Bf1b5 a6
7.Bb5xc6 Bb7xc6
8.O-O Ng8f6
 { time }
0-1

[Event "Tourn. n8366"]
[Site "www.chess-mail.com"]
[Date "2015.09.25"]
[Round "1"]
[White "Panham"]
[Black "Madz123456"]
[WhiteElo "2160"]
[BlackElo "2220"]
[Result "0-1"]
[Round "1"]
1.d4 d5
2.c4 c6
3.Nb1c3 dxc4
4.e3 Bc8e6
5.b3 cxb3
6.axb3 Ng8f6
7.Ng1f3 Be6f5
8.Bf1c4 e6
9.O-O Bf8b4
10.Nc3e2 Nb8d7
11.Bc1a3 Bb4xa3
12.Ra1xa3 O-O
13.Bc4d3 a6
14.Bd3xf5 exf5
15.Qd1c2 g6
16.Ne2f4 Nd7b6
17.Rf1d1 Nb6d5
18.Nf4xd5 Nf6xd5
19.Qc2c5 Rf8e8
20.Nf3e5 Qd8h4
21.Qc5c1 Qh4e7
22.Ra3a2 Ra8d8
23.Ra2e2 f4
24.exf4 f6
25.Rd1e1 fxe5
26.fxe5 Qe7b4
27.Qc1g5 Nd5c3
28.Re2e3 Rd8xd4
29.e6 Nc3d5
30.Qg5e5 Nd5xe3
{ resign }
0-1

[Event "Tourn. n8382"]
[Site "www.chess-mail.com"]
[Date "2015.09.25"]
[Round "1"]
[White "Geodad5"]
[Black "Madz123456"]
[WhiteElo "2200"]
[BlackElo "2220"]
[Result "0-1"]
[Round "1"]
1.e4 c5
2.Ng1f3 e6
3.d4 cxd4
4.Nf3xd4 Ng8f6
5.Bc1g5 Qd8a5
6.Bg5d2 Qa5e5
7.Bd2e3 Nb8c6
8.f3 d5
9.Nd4xc6 bxc6
10.Be3d4 Qe5b8
11.exd5 cxd5
12.Bf1e2 Bf8d6
13.b3 O-O
14.Bd4xf6 gxf6
15.Nb1d2 Bd6xh2
16.Nd2f1 Bh2e5
17.Qd1d3 Qb8b4
18.Nf1d2 f5
19.Ra1d1 Be5g3
20.Kf1 Qb4b6
{ resign }
0-1

[Event "Tourn. n8382"]
[Site "www.chess-mail.com"]
[Date "2015.09.25"]
[Round "1"]
[White "Madz123456"]
[Black "Guidom"]
[WhiteElo "2240"]
[BlackElo "2130"]
[Result "1-0"]
[Round "1"]
1.e4 e5
2.Ng1f3 Nb8c6
3.Bf1c4 d6
4.O-O Bf8e7
5.Rf1e1 Ng8f6
6.Bc4b3 O-O
7.c3 Bc8g4
8.d3 h6
9.h3 Bg4h5
10.Nb1a3 a6
11.Na3c4 Qd8d7
12.Nc4e3 Bh5g6
13.Nf3h4 Bg6h7
14.Nh4f5 Nc6a5
15.Nf5xe7 Qd7xe7
16.Bb3c2 Na5c6
17.b4 Ra8d8
18.a4 b5
19.a5 d5
20.Qd1f3 d4
21.Ne3d5 Nf6xd5
22.exd5 e4
23.dxc6 dxc3
24.dxe4 Qe7e6
25.Qf3xc3 Rf8e8
26.Bc1b2 Qe6g6
27.Ra1d1 Rd8xd1
28.Re1xd1 f6
29.Rd1d7 Qg6g5
30.Qc3d4 Qg5f4
31.Bc2b3 Kh8
32.Rd7d8 Bh7g6
33.Rd8xe8 Bg6xe8
34.Qd4d5 { resign }
1-0

[Event "Tourn. n8395"]
[Site "www.chess-mail.com"]
[Date "2015.09.25"]
[Round "1"]
[White "Fangshuo"]
[Black "Norlavuaram"]
[WhiteElo "2140"]
[BlackElo "2100"]
[Result "1-0"]
[Round "1"]
1.e4 e5
2.Ng1f3 Nb8c6
3.d4 exd4
4.Nf3xd4 Bf8c5
5.Nd4xc6 Qd8f6
6.Qd1e2 Qf6xc6
7.Nb1c3 Ng8e7
8.Nc3d5 O-O
9.c4 Ne7xd5
10.cxd5 Qc6g6
11.Bc1d2 Rf8e8
12.f3 Bc5b6
13.O-O-O f5
14.Qe2c4 Kh8
15.exf5 Qg6xf5
16.Bf1d3 Qf5f7
17.Qc4h4 h6
18.Rd1e1 Re8f8
19.Re1e7 Qf7xd5
20.Kc2 Qd5c5
21.Kb1 Qc5d4
22.Qh4xd4 Bb6xd4
23.Bd2c3 Bd4xc3
24.bxc3 c6
25.Rh1f1 d5
26.g4 Rf8d8
27.h4 Kg8
28.g5 hxg5
29.hxg5 Bc8d7
30.Rf1h1 Kf8
31.Re7xd7 { resign }
1-0

[Event "Tourn. n8384"]
[Site "www.chess-mail.com"]
[Date "2015.09.25"]
[Round "1"]
[White "Norlavuaram"]
[Black "Sontuozio"]
[WhiteElo "2100"]
[BlackElo "2050"]
[Result "0-1"]
[Round "1"]
1.e4 e6
2.d4 d5
3.Nb1d2 dxe4
4.Nd2xe4 Nb8d7
5.Ng1f3 Ng8f6
6.Bf1d3 Nf6xe4
7.Bd3xe4 Nd7f6
8.Be4d3 h6
9.O-O Bf8d6
10.c3 O-O
11.Qd1e2 b6
12.Nf3e5 Bc8b7
13.f4 c5
14.dxc5 Bd6xc5
15.Kh1 Qd8c7
16.Bc1e3 Bc5xe3
17.Qe2xe3 Ra8d8
18.Ra1d1 Nf6d5
19.Qe3g3 Qc7c5
20.Bd3b1 Nd5e3
21.Rd1xd8 Rf8xd8
{ resign }
0-1

[Event "Tourn. n8366"]
[Site "www.chess-mail.com"]
[Date "2015.09.25"]
[Round "1"]
[White "Hundegana"]
[Black "Guidom"]
[WhiteElo "1980"]
[BlackElo "2180"]
[Result "0-1"]
[Round "1"]
1.e4 e5
2.Ng1f3 Nb8c6
3.c4 d6
4.h3 Bc8e6
5.a3 Ng8f6
6.d3 Bf8e7
7.Bc1e3 O-O
8.b4 Qd8d7
9.Nb1c3 a5
10.b5 Nc6b8
11.Bf1e2 b6
12.O-O Nf6e8
13.Nf3h2 f5
14.f3 f4
15.Be3f2 Rf8f6
16.Nc3d5 Rf6g6
17.Nd5xe7 Qd7xe7
18.Kh1 Ne8f6
19.Rf1g1 Nf6h5
20.Qd1e1 Nh5g3
21.Bf2xg3 Rg6xg3
22.Nh2f1 Rg3g6
23.Kh2 Nb8d7
24.Ra1b1 Nd7f6
25.g3 fxg3
26.Rg1xg3 Rg6h6
27.Nf1e3 Nf6h5
28.Rg3g1 Nh5f4
29.Be2f1 Nf4xh3
30.Bf1xh3 Be6xh3
31.Rg1g3 Qe7h4
32.Kg1 Ra8f8
33.Qe1f2 Bh3d7
34.Qf2g2 Rf8f7
35.Rb1f1 Bd7h3
36.Rg3xh3 Qh4xh3
37.Qg2xh3 Rh6xh3
38.Kg2 Rh3h6
39.Kf2 Rh6h2
40.Ne3g2 Rf7f6
41.Kg3 Rh2h6
42.f4 exf4
43.Ng2xf4 g5
44.Nf4d5 Rf6xf1
45.Nd5xc7 Rf1d1
46.Nc7d5 Rd1xd3
47.Kg4 Rd3xd5
48.cxd5 Rh6g6
49.a4 Kf7
50.Kf5 g4
51.e5 g3
52.exd6 Rg6xd6
53.Ke5 Ke7
54.Ke4 g2
55.Ke5 g1Q
{ resign }
0-1

[Event "Match"]
[Site "www.echecsemail.com"]
[Date "2015.09.25"]
[Round "1"]
[White "Pariolinius"]
[Black "Delacey"]
[WhiteElo "1970"]
[BlackElo "1820"]
[Result "0-1"]
[Round "1"]
1.d4 d5
2.Ng1f3 Nb8c6
3.e3 Ng8f6
4.Bf1d3 Bc8g4
5.Nb1d2 Nc6b4
6.Bd3e2 e6
7.c3 Nb4c6
8.O-O Bf8d6
9.h3 Bg4xh3
10.gxh3 O-O
11.Kh1 Nf6e4
12.Nf3h2 Qd8h4
13.Qd1e1 Qh4xh3
14.Nd2f3 f5
15.Rf1g1 Bd6xh2
16.Nf3xh2 Rf8f6
17.Be2f1 Qh3h4
18.Bf1g2 Rf6h6
{ resign }
0-1

[Event "Match"]
[Site "www.echecsemail.com"]
[Date "2015.09.25"]
[Round "1"]
[White "Coraza8091"]
[Black "Norbos"]
[WhiteElo "1499"]
[BlackElo "1620"]
[Result "1-0"]
[Round "1"]
1.e4 e5
2.Ng1f3 d6
3.Bf1c4 Ng8f6
4.Nf3g5 Bc8g4
5.f3 Bg4h5
6.g4 Bh5g6
7.c3 Nb8c6
8.Qd1b3 Qd8d7
9.h4 Nc6a5
10.Qb3b5 Na5xc4
11.Qb5xc4 b5
12.Qc4e2 Bf8e7
13.b4 Qd7c6
14.h5 Nf6xh5
15.Ng5h3 Nh5g3
16.Qe2g2 Ng3xh1
17.Qg2xh1 O-O
{ time. }
1-0

[Event "Match"]
[Site "www.echecsemail.com"]
[Date "2015.09.25"]
[Round "1"]
[White "Nugun"]
[Black "Coraza"]
[WhiteElo "1680"]
[BlackElo "1750"]
[Result "0-1"]
[Round "1"]
1.c4 e5
2.Nb1c3 Ng8f6
3.g3 Bf8c5
4.Bf1g2 c6
5.Ng1f3 e4
6.Nf3e5 d6
7.Nc3xe4 dxe5
8.Ne4xc5 b6
9.Nc5d3 Qd8e7
10.f4 e4
11.Nd3e5 Bc8g4
12.O-O Qe7c5
13.Kh1 Nb8d7
14.Qd1c2 Bg4xe2
 { time }
0-1

[Event "Match"]
[Site "www.echecsemail.com"]
[Date "2015.09.25"]
[Round "1"]
[White "Canario"]
[Black "Fres"]
[WhiteElo "1770"]
[BlackElo "1499"]
[Result "1-0"]
[Round "1"]
1.e4 e5
2.Ng1f3 Nb8c6
3.Nb1c3 Ng8f6
4.Bf1c4 Bf8c5
5.a3 a6
6.d3 O-O
7.h3 Bc5e7
8.Bc1e3 d6
9.Qd1d2 Bc8e6
10.Bc4xe6 fxe6
11.Nf3g5 Qd8d7
12.O-O Nf6e8
13.Nc3e2 Be7xg5
14.Be3xg5 Nc6d4
15.Ne2xd4 exd4
16.Qd2b4  { time }
1-0

[Event "Match"]
[Site "www.echecsemail.com"]
[Date "2015.09.25"]
[Round "1"]
[White "Raulazo"]
[Black "Hundegana"]
[WhiteElo "2010"]
[BlackElo "1980"]
[Result "0-1"]
[Round "1"]
1.e4 c5
2.Ng1f3 g6
3.Bf1c4 e6
4.d3 Bf8g7
5.Nb1a3 a6
6.Nf3g5 h6
7.Ng5xf7 Kxf7
8.Qd1f3 Ke7
9.Bc1f4 Bg7xb2
10.Ra1d1 Bb2xa3
11.Qf3g3 g5
12.Bf4xb8 Ba3b4
13.Kf1 Ra8xb8
14.Qg3xb8 Bb4c3
15.e5 Ke8
16.Qb8d6 Qd8e7
17.Qd6c7 Qe7d8
18.Qc7xc5 Bc3a5
19.d4 Ng8e7
20.d5 exd5
21.Bc4xd5 b6
22.Qc5d4 Rh8f8
23.e6 Ne7xd5
24.Qd4xd5 b5
25.e7 Qd8xe7
26.g4 Qe7e3
27.Qd5g2 Bc8b7
28.Qg2g3 Qe3xg3
29.hxg3 Bb7xh1
30.Kg1 Bh1f3
31.Rd1d3 Bf3xg4
32.Rd3d6 Bg4e6
33.Rd6xa6 Ba5c3
34.Ra6a8 Ke7
35.Ra8a3 b4
36.Ra3a4 Rf8f5
37.g4 Rf5d5
38.f3 Rd5d2
39.a3 bxa3
40.Ra4xa3 Rd2xc2
41.Ra3a6 Bc3d4
42.Kh1 Be6d5
43.Ra6a3 Rc2c3
44.Ra3a1 Rc3xf3
45.Ra1a5 Ke6
46.Ra5a6 d6
{ resign }
0-1

[Event "Match"]
[Site "www.echecsemail.com"]
[Date "2015.09.25"]
[Round "1"]
[White "Nugun"]
[Black "Norbos"]
[WhiteElo "1680"]
[BlackElo "1600"]
[Result "0-1"]
[Round "1"]
1.c4 c6
2.Nb1c3 e5
3.e3 Ng8f6
4.g3 Bf8b4
5.Bf1g2 d6
6.d4 e4
7.Ng1e2 d5
8.b3 O-O
9.O-O Bc8g4
10.cxd5 Bb4xc3
11.Ra1b1 Bg4xe2
12.Qd1xe2 Nb8a6
13.dxc6 bxc6
14.Qe2xa6 Qd8c7
15.Qa6c4 Nf6d5
16.Bg2xe4 Bc3a5
17.Bc1a3 Rf8d8
18.Rb1c1 Ba5d2
19.Rc1c2 Nd5b6
20.Qc4c5 Nb6d7
 { time }
0-1

[Event "1/128 Finale"]
[Site "www.chess-mail.com"]
[Date "2015.09.25"]
[Round "1"]
[White "Traub"]
[Black "Gatrooper"]
[WhiteElo "1770"]
[BlackElo "1450"]
[Result "0-1"]
[Round "1"]
1.e4 e5
2.f4 exf4
3.Ng1f3 Nb8c6
4.Bf1c4 d6
5.O-O Bc8e6
6.Bc4xe6 fxe6
7.d4 h6
8.Bc1xf4 Ng8f6
9.e5 dxe5
10.Bf4xe5 Nf6e4
11.Qd1d3 Ne4g5
12.Qd3g6 Ng5f7
13.Qg6xe6 Qd8e7
14.Qe6xe7 Nc6xe7
15.c4 O-O-O
16.Nb1c3 { time. }
0-1

[Event "Tourn. n8381"]
[Site "www.chess-mail.com"]
[Date "2015.09.26"]
[Round "1"]
[White "Daquata"]
[Black "Cheminet"]
[WhiteElo "1660"]
[BlackElo "1580"]
[Result "0-1"]
[Round "1"]
1.e4 c5
2.Ng1f3 Nb8c6
3.d4 cxd4
4.Nf3xd4 d6
5.Nb1c3 g6
6.Bc1e3 Bf8g7
7.Qd1d2 h6
8.O-O-O a6
9.f4 Bc8g4
10.Bf1e2 Ng8f6
11.h3 Bg4xe2
12.Qd2xe2 O-O
13.g4 e5
14.Nd4xc6 bxc6
15.fxe5 Nf6d7
16.exd6 Ra8b8
17.Be3d4 Qd8g5
18.Kb1 Bg7xd4
19.Rd1xd4 Qg5c5
20.Qe2d2 Qc5a3
21.b3 Qa3c5
22.Rd4c4 Qc5xc4
{ resign }
0-1

[Event "Tourn. n8338"]
[Site "www.chess-mail.com"]
[Date "2015.09.26"]
[Round "1"]
[White "Umzi"]
[Black "Andychesston"]
[WhiteElo "2190"]
[BlackElo "2020"]
[Result "0-1"]
[Round "1"]
1.e4 e5
2.Ng1f3 Nb8c6
3.d4 d6
4.d5 Nc6b8
5.c4 Bf8e7
6.b4 Bc8g4
7.Qd1a4 Nb8d7
8.h3 Bg4xf3
9.gxf3 Ng8f6
10.Nb1c3 O-O
11.f4 c6
12.f5 Qd8b6
13.Bc1e3 c5
14.bxc5 Nd7xc5
15.Qa4c2 Qb6a5
16.Be3d2 a6
17.Rh1g1 Kh8
18.f3 g6
19.Nc3e2 Qa5a3
20.Bd2c3 Nc5a4
21.fxg6 fxg6
22.Ra1b1 b5
23.cxb5 Rf8c8
24.Rb1b3 Qa3c5
25.Rg1g2 Na4xc3
26.Rb3xc3 Qc5b4
27.a3 Qb4a5
28.Kd1 Rc8xc3
29.Qc2xc3 Qa5xb5
30.Ke1 Be7d8
31.Kf2 Bd8b6
32.Kg3 Nf6h5
33.Kh2 Bb6a5
34.Qc3a1 Qb5b3
35.f4 Qb3f3
36.fxe5 Nh5f4
37.e6 Kg8
38.Ne2d4 Qf3xh3
39.Kg1 Qh3e3
40.Kh2 Nf4xg2
41.Bf1xg2 Ba5c3
{ resign }
0-1

[Event "Tourn. n8363"]
[Site "www.chess-mail.com"]
[Date "2015.09.26"]
[Round "1"]
[White "Relaxmax"]
[Black "Hansen"]
[WhiteElo "1499"]
[BlackElo "1460"]
[Result "1-0"]
[Round "1"]
1.e4 d5
2.exd5 Qd8xd5
3.Nb1c3 Qd5e5
4.Bf1e2 Nb8c6
5.Ng1f3 Qe5e6
6.O-O h5
7.d4 Qe6f5
8.Nc3b5 Ra8b8
9.Nb5xc7 Kd8
10.Nc7b5 a6
11.Nb5c3 Qf5g6
12.Be2d3 f5
13.Bc1f4 Rb8a8
14.a3 h4
15.h3 Ng8f6
16.d5 Nc6b8
17.Qd1e2 Nb8d7
18.Nf3e5 Nd7xe5
19.Qe2xe5 Nf6g4
20.hxg4 h3
21.Bd3xf5 Bc8xf5
22.Qe5xf5 h2
23.Kh1 Qg6b6
24.Bf4e5 g6
25.Qf5e6 Qb6xe6
26.dxe6 Rh8h4
27.Ra1d1 Kc8
28.Nc3a4 b5
29.Na4b6 Kb7
30.Nb6xa8 Kxa8
31.Rd1d8 Kb7
32.Rd8xf8 Rh4xg4
33.Rf1d1 Rg4e4
34.Rd1d7 Kb6
35.Be5c7 Kc5
36.Bc7a5 Re4e2
37.Rf8c8 
1-0

[Event "Tourn. n8382"]
[Site "www.chess-mail.com"]
[Date "2015.09.26"]
[Round "1"]
[White "Geodad5"]
[Black "Scasan55"]
[WhiteElo "2200"]
[BlackElo "2040"]
[Result "0-1"]
[Round "1"]
1.e4 c5
2.Ng1f3 d6
3.d4 cxd4
4.Nf3xd4 Ng8f6
5.Nb1c3 a6
6.Bf1e2 Nb8c6
7.Bc1e3 e6
8.O-O Bf8e7
9.Qd1d2 O-O
10.Ra1d1 Qd8c7
11.h3 b5
12.Be2d3 b4
13.Nc3e2 Bc8b7
14.Ne2g3 a5
15.f4 Nc6xd4
16.Be3xd4 Rf8e8
17.e5 Nf6d7
18.exd6 Be7xd6
19.c3 bxc3
20.Bd4xc3 Bb7d5
21.a3 Qc7d8
22.Bd3b5 Qd8b6
23.Kh2 Qb6xb5
24.Qd2d4 f6
25.Ng3e4 Bd6c5
{ resign }
0-1

[Event "Tourn. n8377"]
[Site "www.chess-mail.com"]
[Date "2015.09.26"]
[Round "1"]
[White "Falcoale"]
[Black "Bojan"]
[WhiteElo "1940"]
[BlackElo "1940"]
[Result "1-0"]
[Round "1"]
1.e4 e5
2.Ng1f3 d6
3.Bf1c4 Qd8f6
4.d3 h6
5.Nb1c3 c6
6.a3 Qf6g6
7.O-O Bf8e7
8.d4 Bc8h3
9.g3 Bh3xf1
10.Qd1xf1 exd4
11.Nf3xd4 Nb8d7
12.f4 Ng8f6
13.Nd4f5 Be7d8
14.Nf5xd6 Kf8
15.f5 Qg6g4
16.Bc4e2 Ra8b8
17.Be2xg4 Bd8b6
18.Kg2 Nf6xg4
19.Bc1f4 Bb6e3
20.Qf1e2 Be3xf4
21.gxf4 Ng4f6
22.Qe2c4 Kg8
23.Qc4xf7 Kh7
24.e5 Rh8f8
25.Qf7g6 Kg8
26.exf6 Rf8xf6
27.Qg6xf6 Nd7xf6
28.Nc3e4 Nf6d5
29.Kf3 b6
30.Ne4g3 Rb8d8
31.Nd6e4 Kf7
32.Ra1d1 Ke7
33.Rd1e1 Kf7
34.c4 Nd5c7
35.Re1e3 Nc7a6
36.b4 b5
37.cxb5 cxb5
38.Ng3h5 Na6c7
39.Ne4c5 Rd8d1
40.Re3d3 { resign }
1-0

[Event "Tourn. n8338"]
[Site "www.chess-mail.com"]
[Date "2015.09.26"]
[Round "1"]
[White "Orhany24"]
[Black "Umzi"]
[WhiteElo "2000"]
[BlackElo "2190"]
[Result "0-1"]
[Round "1"]
1.d4 d5
2.c4 c6
3.Nb1c3 Ng8f6
4.Ng1f3 e6
5.a3 Nb8d7
6.Bc1g5 Bf8e7
7.e3 Nf6e4
8.Bg5xe7 Qd8xe7
9.Bf1e2 O-O
10.O-O f5
11.c5 b6
12.b4 a5
13.Qd1c2 Bc8a6
14.Be2xa6 Ra8xa6
15.Nc3a4 b5
16.Na4c3 a4
17.Nf3d2 Nd7f6
18.Nd2xe4 fxe4
19.f4 Nf6g4
20.Ra1e1 h5
21.h3 Ng4h6
22.Kf2 Qe7h4
23.Ke2 Nh6f5
24.Kd1 Rf8f6
25.Qc2f2 Rf6g6
26.Kd2 Ra6a7
27.Nc3e2 Ra7f7
28.Ne2g1 Nf5g3
29.Ng1e2 Ng3xf1
30.Qf2xf1 Qh4e7
31.Qf1f2 Rg6h6
32.Re1g1 Kf8
33.g4 hxg4
34.hxg4 g5
35.Rg1g2 Ke8
36.Ne2g3 gxf4
37.exf4 Rf7g7
38.Qf2e2 Qe7f6
39.Ng3h5 Qf6xd4
40.Ke1 Rg7f7
{ resign }
0-1

[Event "Tourn. n8406"]
[Site "www.chess-mail.com"]
[Date "2015.09.26"]
[Round "1"]
[White "Bojan"]
[Black "Mitja"]
[WhiteElo "1910"]
[BlackElo "1960"]
[Result "1/2-1/2"]
[Round "1"]
1.e4 d5
2.exd5 Qd8xd5
3.Nb1c3 Qd5d8
4.b3 e6
5.Bc1b2 c6
6.Ng1f3 Ng8f6
7.Bf1d3 h6
8.Nc3e4 Nf6xe4
9.Bd3xe4 Nb8d7
10.Qd1e2 Nd7f6
11.Be4d3 Bf8e7
12.Bd3c4 b6
13.Nf3d4 Bc8d7
14.Bc4a6 Qd8c7
15.Qe2f3 Bd7c8
16.Ba6xc8 Ra8xc8
17.O-O c5
18.Nd4b5 Qc7d7
19.c4 O-O
20.Ra1d1 a6
21.Nb5c3 Rf8d8
22.Nc3e4 Nf6xe4
23.Qf3xe4 Be7g5
24.f4 Bg5e7
25.Rf1f2 Rd8f8
26.Qe4f3 f5
27.Rf2e2 Be7f6
28.Bb2a3 a5
29.d3 Rf8e8
30.Ba3b2 Bf6xb2
31.Re2xb2 Qd7d4
32.Qf3f2 Qd4f6
33.d4 Rc8d8
34.Rb2d2 cxd4
35.Rd2xd4 Rd8xd4
36.Rd1xd4 e5
37.fxe5 Qf6xe5
38.h3 Qe5e6
{ draw }
1/2-1/2